Census as social document (Record no. 380527)

000 -LEADER
fixed length control field 00395cam a22001457a 4500
008 - FIXED-LENGTH DATA ELEMENTS--GENERAL INFORMATION
fixed length control field 180718b1996 xxu||||| |||| 00| 0 eng d
082 ## - DEWEY DECIMAL CLASSIFICATION NUMBER
Classification number A81x54 M741
245 ## - TITLE STATEMENT
Title Census as social document
Statement of responsibility, etc. edited by S.P. Mohanty and A.R. Momin
260 ## - PUBLICATION, DISTRIBUTION, ETC.
Place of publication, distribution, etc. Jaipur
Name of publisher, distributor, etc. Rawat
Date of publication, distribution, etc. 1996
300 ## - PHYSICAL DESCRIPTION
Extent 245p.
650 ## - SUBJECT ADDED ENTRY--TOPICAL TERM
Topical term or geographic name entry element Social change
650 ## - SUBJECT ADDED ENTRY--TOPICAL TERM
Topical term or geographic name entry element Census - India
700 ## - ADDED ENTRY--PERSONAL NAME
Personal name Momin, A.R.
700 ## - ADDED ENTRY--PERSONAL NAME
Personal name Mohanty, S.P.
Holdings
Withdrawn status Lost status Damaged status Not for loan Permanent Location Current Location Date acquired Full call number Barcode Date last seen Price effective from Koha item type
        Indian Institute of Public Administration Indian Institute of Public Administration 1996-12-09 A81x54 M741 71614 2018-07-21 2018-07-21 Book

Powered by Koha